00636nam a22001695i 4500001000700000003000900007005001700016008004100033040002000074100005000094245015600144260003900300300004600339650001900385700002300404852003900427165290ES-MaACL20250718062548.0050906s1900 xxk | |||||||| ||eng d aCAM bspa cCAM1 aShaftesbury, Anthony Ashley Cooper cEarl of.10aCharacteristics of men, manners, opinions, times, etc. / cby Anthony Earl of Shaftesbury ; edited with an introduction and notes by John M. Robertson. aLondon : bGrant Richards, c1900. a2 v. (XLIX, 337 ; VII, 373 p.) ; c21 cm. 7aÉtica2embne1 aRobertson, John M. aES-MaACLjF-1876-77 z-- Enc. tela